00319 2200145 4500245003800000250001100038100001700049650001700066650001600083005001900099260001800118041001400136084001400150336000900164 aThe Journey'scAnisah Nur ShText aCet. 1 aAnisah Nur S aAutobiografi aKarya Siswa a20250522112939 aJakartac2025 aIndonesia a081 ANI t atext